That's logistical captain (Record no. 117578)
[ view plain ]
| 000 -LEADER | |
|---|---|
| fixed length control field | 01176cam a2200217 4500 |
| 001 - CONTROL NUMBER | |
| control field | ABS67957 |
| 008 - FIXED-LENGTH DATA ELEMENTS--GENERAL INFORMATION | |
| fixed length control field | 040622n2004 000 0 eng u |
| 035 ## - SYSTEM CONTROL NUMBER | |
| System control number | (Sirsi) u126569 |
| 100 ## - MAIN ENTRY--PERSONAL NAME | |
| Personal name | Lane, T. |
| 245 ## - TITLE STATEMENT | |
| Title | That's logistical captain |
| 260 ## - PUBLICATION, DISTRIBUTION, ETC. | |
| Date of publication, distribution, etc. | 2004 |
| 490 ## - SERIES STATEMENT | |
| Series statement | Building |
| Volume/sequential designation | 269(8336) 11 June 2004, 58-59(2) |
| 520 ## - SUMMARY, ETC. | |
| Summary, etc. | Examines the increasing importance of the management of logistics for construction sites. This is the science of getting the correct products to the relevant place at the lowest cost. Notes how consultant Mace has adopted a five point plan to get the most out of a smooth logistics chain. Mentions a production control software device called Project Flow which allows materials to be pulled through the supply chain on site demand with suppliers being able to access it via the Internet. Argues that a logistics plan should be formulated at the planning stage of a project to ensure that all the potential problems and constraints are considered. |
| 590 ## - LOCAL NOTE (RLIN) | |
| Local note | ABS |
| 590 ## - LOCAL NOTE (RLIN) | |
| Local note | ABS |
| 650 ## - SUBJECT ADDED ENTRY--TOPICAL TERM | |
| Topical term or geographic name entry element | LOGISTICS |
| 650 ## - SUBJECT ADDED ENTRY--TOPICAL TERM | |
| Topical term or geographic name entry element | CONSTRUCTION PROJECTS |
| 650 ## - SUBJECT ADDED ENTRY--TOPICAL TERM | |
| Topical term or geographic name entry element | SUPPLY CHAIN MANAGEMENT |
| 690 ## - LOCAL SUBJECT ADDED ENTRY--TOPICAL TERM (OCLC, RLIN) | |
| Topical term or geographic name as entry element | PROJECT MANAGEMENT |
| 9 (RLIN) | 6261 |
| 942 ## - ADDED ENTRY ELEMENTS (KOHA) | |
| Suppress in OPAC | 0 |
| Withdrawn status | Lost status | Source of classification or shelving scheme | Damaged status | Not for loan | Home library | Current library | Shelving location | Date acquired | Total Checkouts | Full call number | Barcode | Date last seen | Copy number | Price effective from | Koha item type |
|---|---|---|---|---|---|---|---|---|---|---|---|---|---|---|---|
| Dewey Decimal Classification | London | London | Journal article | 22/06/2004 | ABS67957 | 126569-1001 | 06/08/2019 | 1 | 06/08/2019 | Journal article |